000 00665nam a2200253Ia 4500
001 44554
005 20240114003634.0
007 ta
008 090301s1982 a g b000 u 465 u
020 _cPB
040 _aCotton College,Assam
041 _a465
082 _a547.79
_bTOP
100 _aNeidle, Stephen .
245 0 _aTopics in Nucleic Acid Structure Part 2 /
_cStephen Neidle.
_hTextual Documents
250 _a1st ed /
260 _aLondon :
_bThe Macmillan Press Ltd ,
_c1982.
300 _a309p :
_bill ;
_c28 cm .
653 _aChemistry
653 _aT/G-Chemistry
942 _2ddc
_cBK
999 _c44520
_d44520